The cult of Pure Crystal Mountain (Record no. 3817)
[ view plain ]
| 000 -LEADER | |
|---|---|
| fixed length control field | 01561nam a2200349Ia 4500 |
| 082 04 - DEWEY DECIMAL CLASSIFICATION NUMBER | |
| Classification number | 294.3/923/09515 |
| 100 1# - MAIN ENTRY--AUTHOR NAME | |
| Personal name | Huber, Toni, |
| 245 14 - TITLE STATEMENT | |
| Title | The cult of Pure Crystal Mountain |
| 260 ## - PUBLICATION, DISTRIBUTION, ETC. (IMPRINT) | |
| Place of publication | New York : |
| Name of publisher | Oxford University Press, |
| Year of publication | 1999. |
| 300 ## - PHYSICAL DESCRIPTION | |
| Number of Pages | xv, 297 p. : |
| Other physical details | ill., map. |
| 500 ## - GENERAL NOTE | |
| General note | Based on the author's thesis (doctoral)--University of Canterbury. |
| 650 #0 - SUBJECT ADDED ENTRY--TOPICAL TERM | |
| Topical Term | Buddhism |
| Topical Term | Mountain worship |
| 856 40 - ELECTRONIC LOCATION AND ACCESS | |
| Uniform Resource Identifier | http://site.ebrary.com/lib/rucke/Doc?id=10279254 |
No items available.
